Name 10 dinosaurs - Statistics

General Stats
  • This quiz has been taken 725 times
  • The average score is 6 of 10
Answer Stats
Hint Answer % Correct
terrible lizard Tyrannasaurus Rex
91%
three horns Triceratops
89%
bony plates and spiked tail Stegosaurus
77%
long, sharp claws on back legs Velociraptor
74%
has wings Pterodactyl
72%
dominates the water Spinosaurus
67%
largest herbivore ever discovered Brachiosaurus
50%
longest known dinosaur Diplodocus
37%
three fingers Allosaurus
25%
largest meateater ever discovered Gigantosaurus
23%
No matching quizzes found
Score Distribution
Percent of People with Each Score
Percentile by Number Answered
Your Score History
You have not taken this quiz